Zdobywcy Złotego Buta - Statystyki

Ogólne statystyki
  • Ten quiz został rozwiązany 2 148 razy
  • Średni wynik to 19 z 25
Statystyki odpowiedzi
Sezon Zawodnik Narodowość Klub Bramki Punkty % Poprawnych
2007/08 Cristiano Ronaldo Portugalia Manchester United 31 62
99%
2010/11 Cristiano Ronaldo Portugalia Real Madryt 40 80
99%
2013/14 Cristiano Ronaldo Portugalia Real Madryt 31 62
99%
2014/15 Cristiano Ronaldo Portugalia Real Madryt 48 96
99%
2009/10 Lionel Messi Argentyna FC Barcelona 34 68
99%
2011/12 Lionel Messi Argentyna FC Barcelona 50 100
99%
2012/13 Lionel Messi Argentyna FC Barcelona 46 92
99%
2016/17 Lionel Messi Argentyna FC Barcelona 37 74
99%
2017/18 Lionel Messi Argentyna FC Barcelona 34 68
99%
2018/19 Lionel Messi Argentyna FC Barcelona 36 72
99%
2020/21 Robert Lewandowski Polska Bayern Monachium 41 82
98%
2021/22 Robert Lewandowski Polska Bayern Monachium 35 70
98%
2013/14 Luis Suárez Urugwaj Liverpool 31 62
92%
2015/16 Luis Suárez Urugwaj FC Barcelona 40 80
92%
2022/23 Erling Haaland Norwegia Manchester City 36 72
86%
2003/04 Thierry Henry Francja Arsenal 30 60
80%
2004/05 Thierry Henry Francja Arsenal 25 50
80%
2019/20 Ciro Immobile Włochy Lazio 36 72
71%
2004/05 Diego Forlán Urugwaj Villarreal CF 25 50
63%
2008/09 Diego Forlán Urugwaj Atlético Madryt 32 64
63%
2006/07 Francesco Totti Włochy AS Roma 26 52
57%
2000/01 Henrik Larsson Szwecja Celtic 35 52,5
34%
2005/06 Luca Toni Włochy ACF Fiorentina 31 62
16%
2002/03 Roy Makaay Holandia Deportivo La Coruña 29 58
10%
2001/02 Mário Jardel Brazylia Sporting CP 42 63
6%
Nie znaleziono quizów pasujących do podanych kryteriów
Rozkład punktacji
Procent ludzi z każdym wynikiem
Percentyl według liczby udzielonych odpowiedzi
Twoja historia wyników
Nie rozwiązałeś tego quizu